000 00500nam a2200193 a 4500
001 3867
005 20180713183753.0
008 140415s1966 sp 000 0 spa d
041 _aspa
082 _a128
_bHAE
100 1 _aHAECKER, THEODOR
245 1 0 _aQUE ES EL HOMBRE ?
250 _a2a ed.
260 _aESPAÑA :
_bGUADARRAMA,
_c1966
300 _a232
490 _aLOS LIBROS DEL MONOGRAMA
650 1 4 _aANTROPOLOGIA FILOSOFICA
700 1 _aLOPEZ QUINTAS, ALFONSO
_etr.
999 _c3867
_d3867